Skip to content
VuFind
All Fields
Title
Author
Subject
Call Number
ISBN/ISSN
Tag
Find
Advanced
Law of negligence in malaysia
Cite this
Print
Export Record
Export to RefWorks
Export to EndNoteWeb
Export to EndNote
Export to MARC
Law of negligence in malaysia
Bibliographic Details
Format:
Book
Holdings
Description
Similar Items
Staff View
MARC
LEADER
00000cam a2200000 7i4500
001
0000008970
002
000009771
005
20000330.0
020
|a
T000000722
090
0
0
|a
346.02
|b
SAL
245
1
0
|a
Law of negligence in malaysia
999
|a
027521
|b
BUKU
|c
PINJAMAN
|e
PERPUSTAKAAN KOMUNITI PETALING JAYA
Similar Items
Law of negligence in malaysia
by: Salleh Buang
Published: (1990)
Professional negligence and liabilities with cases & commentaries
by: Hussin Ab. Rahman
Insurance law in Malaysia
by: Nik Ramlah Mahmood
Published: (1992)
Law of torts in Malaysia
by: Norchaya Talib
Published: (2013)
Family law in Malaysia
by: Kamala M.G. Pillai
Published: (2009)